000 00364cam a2200145ua 4500
041 _aeng
_h
082 _a822
_bARI/AR
100 _aAristophane, .
245 _aAristophanes the knights /
_cAristophane.
_hTextual Documents
260 _aLondon :
_bGeorge Allen & Unwin Ltd ,
_c1956.
300 _a135 ; .
504 _a
942 _cBK
999 _c6041
_d6041